[Event "Minsk Open 2014"]
[Site "Minsk BLR"]
[Date "2014.07.16"]
[Round "1.1"]
[White "Uzlavataya, Anhelina"]
[Black "Aleksandrov, Aleksej"]
[Result "0-1"]
[BlackTitle "GM"]
[WhiteElo "1919"]
[BlackElo "2569"]
[WhiteFideId "13508903"]
[BlackFideId "13500139"]
[EventDate "2014.07.16"]

1. Nf3 Nf6 2. g3 b5 3. Bg2 Bb7 4. O-O e6 5. d4 c5 6. Nbd2 cxd4 7. Nxd4 Bxg2 8.
Kxg2 Qb6 9. N2f3 Qb7 10. a4 b4 11. Nb5 d5 12. Bf4 Na6 13. Qd4 Be7 14. Nd6+ Bxd6
15. Bxd6 Rc8 16. Nd2 Rxc2 17. Rfc1 Rxc1 18. Rxc1 Kd7 19. Be5 Ke7 20. Nb3 Qb6 21.
Qf4 Ne8 22. Nd4 h6 23. Rc6 Qb7 24. Bd6+ Kd8 25. Rc1 g5 26. Qe5 Rg8 27. Nc6+ Kd7
28. Be7 Nb8 29. Nd8 Qa8 30. Bf6 Rg6 31. Nxf7 Rxf6 32. Rc7+ Nxc7 33. Qxf6 Nc6 34.
Qxh6 Qg8 35. Nxg5 Ne5 36. Qf6 Nc4 37. Nf3 Qh7 38. b3 Na5 39. Nd4 Nc6 40. Nf3 Ne8
41. Qf4 Nd6 42. h4 Qe4 43. Qd2 0-1

[Event "Minsk Open 2014"]
[Site "Minsk BLR"]
[Date "2014.07.16"]
[Round "1.2"]
[White "Fedorov, Alexei"]
[Black "Badelka, Olga"]
[Result "1-0"]
[WhiteTitle "GM"]
[WhiteElo "2569"]
[BlackElo "1918"]
[WhiteFideId "13500465"]
[BlackFideId "13509926"]
[EventDate "2014.07.16"]

1. e4 d5 2. exd5 Qxd5 3. Nc3 Qd6 4. d4 Nf6 5. Nge2 c6 6. Qd3 g6 7. Bf4 Qd8 8.
O-O-O Bf5 9. Qd2 Bg7 10. Bh6 O-O 11. f3 Qa5 12. h4 Be6 13. h5 Bxa2 14. Bxg7 Kxg7
15. hxg6 fxg6 16. Qh6+ Kg8 17. b3 Qa3+ 18. Kd2 Bxb3 19. cxb3 Qxb3 20. Rb1 Qc4
21. Rxb7 Rf7 22. Qe3 Qa6 23. Rxe7 Qa3 24. Rxf7 Kxf7 25. Nf4 Nbd7 26. Bc4+ Kg7
27. Ne6+ Kh8 28. Kc2 Rb8 29. Qh6 Rb2+ 30. Kd3 Qe7 31. Nf4 Nc5+ 32. dxc5 Qd7+ 33.
Bd5 1-0

[Event "Minsk Open 2014"]
[Site "Minsk BLR"]
[Date "2014.07.16"]
[Round "1.3"]
[White "Brovko, Nadezhda"]
[Black "Kovalev, Vladislav"]
[Result "0-1"]
[BlackTitle "GM"]
[WhiteElo "1918"]
[BlackElo "2554"]
[WhiteFideId "13500490"]
[BlackFideId "13504398"]
[EventDate "2014.07.16"]

1. d4 Nf6 2. c4 g6 3. Nc3 Bg7 4. g3 O-O 5. Bg2 d6 6. Nf3 c6 7. O-O Qa5 8. Bd2
Qh5 9. Qb3 Na6 10. Rad1 e5 11. Bc1 h6 12. dxe5 dxe5 13. Qa3 Bh3 14. Bxh3 Qxh3
15. Nxe5 Rae8 16. f4 Rxe5 17. fxe5 Ng4 18. Rf2 Nxf2 19. Kxf2 Qxh2+ 20. Kf3 Bxe5
21. Bf4 Bxf4 22. gxf4 Re8 23. Qd6 Qh3+ 24. Kf2 Qe3+ 25. Kf1 Nc5 26. Qd4 Qh3+ 27.
Kf2 Qh4+ 28. Kf3 Ne6 0-1

[Event "Minsk Open 2014"]
[Site "Minsk BLR"]
[Date "2014.07.16"]
[Round "1.4"]
[White "Lintchevski, Daniil"]
[Black "Ostapchik, Anton"]
[Result "1-0"]
[WhiteTitle "GM"]
[WhiteElo "2553"]
[BlackElo "1916"]
[WhiteFideId "4171055"]
[BlackFideId "13509705"]
[EventDate "2014.07.16"]

1. Nf3 f5 2. g3 Nf6 3. Bg2 g6 4. O-O Bg7 5. d4 O-O 6. c4 d6 7. Nc3 Qe8 8. d5 Na6
9. Be3 h6 10. h4 Ng4 11. Bd4 Ne5 12. e3 Qf7 13. b3 Bd7 14. Ne2 c5 15. dxc6 Bxc6
16. Nh2 Bxg2 17. Kxg2 Nc7 18. Rc1 Ne6 19. Ba1 Nc5 20. Rc2 a5 21. Qd5 Rfd8 22.
Qxf7+ Kxf7 23. Rd1 Ned3 24. Bxg7 Kxg7 25. Nf4 Nxf4+ 26. gxf4 Kf6 27. Nf3 Ne6 28.
Nd4 Nxd4 29. exd4 e5 30. dxe5+ dxe5 31. Rcd2 Rxd2 32. Rxd2 Ra6 33. fxe5+ Kxe5
34. Rd5+ Ke6 35. Rb5 b6 36. a3 Kf6 37. Kg3 g5 38. h5 Ke6 39. Kf3 a4 40. b4 Kf6
41. Ke3 Ke6 42. Ke2 Kf6 43. Kf3 Ke6 44. Ke3 Kf6 45. Rd5 Ke6 46. Rd8 Ke5 47. Re8+
Kf6 48. Rh8 Kg7 49. Rb8 f4+ 50. Ke4 Ra7 51. Rxb6 Re7+ 52. Kd3 Re1 53. b5 Ra1 54.
Rg6+ Kh7 55. Ra6 Rxa3+ 56. Ke4 Rc3 57. Rxa4 Rc2 58. b6 1-0

[Event "Minsk Open 2014"]
[Site "Minsk BLR"]
[Date "2014.07.16"]
[Round "1.5"]
[White "Kovalevsky, Stanislav"]
[Black "Nosenko, Alexander"]
[Result "0-1"]
[BlackTitle "GM"]
[WhiteElo "1899"]
[BlackElo "2508"]
[WhiteFideId "13508598"]
[BlackFideId "14100690"]
[EventDate "2014.07.16"]

1. c4 e5 2. Nc3 Nf6 3. g3 c6 4. e4 d5 5. cxd5 cxd5 6. exd5 Nxd5 7. a3 Bc5 8. Nf3
Nxc3 9. bxc3 Nc6 10. d3 O-O 11. Be3 Qa5 12. Qc2 Nd4 13. Bxd4 exd4 14. Be2 Bh3
15. Nd2 dxc3 16. Nc4 Qd8 17. Rb1 Qf6 18. Rb3 Bg2 0-1

[Event "Minsk Open 2014"]
[Site "Minsk BLR"]
[Date "2014.07.16"]
[Round "1.6"]
[White "Stupak, Kirill"]
[Black "Zmushko, Filipp"]
[Result "1-0"]
[WhiteTitle "GM"]
[WhiteElo "2499"]
[BlackElo "1897"]
[WhiteFideId "13503758"]
[BlackFideId "13504533"]
[EventDate "2014.07.16"]

1. d4 Nf6 2. g3 g6 3. Bg2 Bg7 4. e4 d6 5. Nc3 O-O 6. Nge2 e5 7. O-O c6 8. a4 Qc7
9. h3 Be6 10. Be3 Na6 11. d5 cxd5 12. exd5 Bd7 13. Nb5 Bxb5 14. axb5 Nc5 15. c4
a5 16. bxa6 Nxa6 17. b3 Nd7 18. Nc3 Ndc5 19. Rb1 Nb4 20. Qd2 Nca6 21. Ra1 f5 22.
Nb5 Qd7 23. Ra4 Rad8 24. f4 1-0

[Event "Minsk Open 2014"]
[Site "Minsk BLR"]
[Date "2014.07.16"]
[Round "1.7"]
[White "Kozlov, Aleksandr V"]
[Black "Podolchenko, Evgeniy"]
[Result "0-1"]
[BlackTitle "GM"]
[WhiteElo "1861"]
[BlackElo "2426"]
[WhiteFideId "13513346"]
[BlackFideId "13504134"]
[EventDate "2014.07.16"]

1. e4 c5 2. c3 e6 3. Nf3 d5 4. e5 Nc6 5. Be2 d4 6. d3 Nge7 7. Bf4 Ng6 8. Bg3 h5
9. h4 Be7 10. Nbd2 Kf8 11. Rc1 dxc3 12. bxc3 f5 13. exf6 gxf6 14. Qa4 f5 15. Ng5
Bxg5 16. hxg5 h4 17. Bf4 Bd7 18. Bd6+ Kf7 19. Bxc5 Qxg5 20. Rb1 b6 21. Be3 Qf6
22. Bf3 Qxc3 23. O-O Nce5 24. Qa6 Qc8 25. Qa3 Nxf3+ 26. Nxf3 Qb7 27. Rfc1 h3 28.
Ng5+ Kg8 29. Nxh3 Rxh3 30. gxh3 f4 31. Kh2 fxe3 32. Rg1 Qc7+ 33. Rg3 exf2 34.
Rf1 Rf8 35. d4 Bb5 36. Qb3 Bc4 37. Qc2 Rf6 38. Rxf2 Rxf2+ 39. Qxf2 Bd3 40. h4
Kh7 41. Qd2 Nf4 42. Kg1 Ne2+ 0-1

[Event "Minsk Open 2014"]
[Site "Minsk BLR"]
[Date "2014.07.16"]
[Round "1.8"]
[White "Mochalov, Evgeny V"]
[Black "Gagarin, Vasily"]
[Result "1-0"]
[WhiteTitle "IM"]
[WhiteElo "2423"]
[BlackElo "1857"]
[WhiteFideId "13500074"]
[BlackFideId "34106780"]
[EventDate "2014.07.16"]

1. d4 d5 2. c4 e5 3. dxe5 d4 4. Nf3 Nc6 5. a3 Nge7 6. Nbd2 Ng6 7. Nb3 Ngxe5 8.
Nxe5 Nxe5 9. Nxd4 c5 10. Nb5 a6 11. Qd5 Qxd5 12. Nc7+ Kd8 13. Nxd5 Nxc4 14. Bg5+
f6 15. Nxf6 h6 16. O-O-O+ Kc7 17. Nd5+ Kc6 18. Be7 Be6 19. e4 Nd6 20. f3 Re8 21.
Bh4 g5 22. Bg3 Nf7 23. Nc7 Re7 24. Nxe6 Rxe6 25. Bc4 Re7 26. Bd5+ Kb6 27. Rd3
Bg7 28. Bf2 Rc8 29. b4 Bd4 30. Bxd4 cxd4+ 31. Kb2 Ne5 32. Rxd4 Rec7 33. Bb3 a5
34. bxa5+ Kxa5 35. Rd5+ Rc5 36. Rhd1 Ng6 37. g3 Kb6 38. Rxc5 Rxc5 39. Rd6+ Rc6
40. Rxc6+ bxc6 41. Kc3 Kc5 42. Kd3 Ne5+ 43. Ke3 Kd6 1-0

[Event "Minsk Open 2014"]
[Site "Minsk BLR"]
[Date "2014.07.16"]
[Round "1.9"]
[White "Andreev, Eduard BLR"]
[Black "Ponomarev, Dmitry"]
[Result "0-1"]
[BlackTitle "IM"]
[WhiteElo "1852"]
[BlackElo "2416"]
[WhiteFideId "13506625"]
[BlackFideId "24112046"]
[EventDate "2014.07.16"]

1. e4 d5 2. exd5 Qxd5 3. Nc3 Qd6 4. d4 Nf6 5. Nf3 a6 6. g3 b5 7. Bg2 Bb7 8. O-O
e6 9. Bf4 Qb6 10. Re1 Be7 11. a4 b4 12. a5 Qa7 13. Na4 Nd5 14. Qd2 Nc6 15. c4
bxc3 16. Nxc3 Ncb4 17. Nxd5 Nxd5 18. Qc1 O-O 19. Ra4 Bb4 20. Re2 Rac8 21. Rc2
Nxf4 22. Qxf4 Bd6 23. Qh4 h6 24. Ne5 c5 25. Bxb7 Qxb7 26. Rac4 Rfd8 27. Qh5 Rb8
28. Qf3 Qxf3 29. Nxf3 cxd4 30. Nxd4 Bf8 31. Kg2 Rd5 32. Nc6 Rb3 33. f4 g5 34.
Nb4 Rxb4 0-1

[Event "Minsk Open 2014"]
[Site "Minsk BLR"]
[Date "2014.07.16"]
[Round "1.10"]
[White "Tihonov, Jurij"]
[Black "Kurilo, Vladislav"]
[Result "1-0"]
[WhiteTitle "GM"]
[WhiteElo "2413"]
[BlackElo "1852"]
[WhiteFideId "13500325"]
[BlackFideId "14136503"]
[EventDate "2014.07.16"]

1. d4 f5 2. g3 g6 3. h4 e6 4. h5 g5 5. Bg2 h6 6. e4 Bg7 7. Nc3 d6 8. f4 g4 9.
Be3 Ne7 10. d5 exd5 11. exd5 O-O 12. Bd4 c5 13. dxc6 bxc6 14. Bxg7 Kxg7 15. Qd4+
Kh7 16. O-O-O d5 17. Nge2 Nd7 18. Na4 Qa5 19. Nec3 Rb8 20. Qe3 Rf7 21. Qe6 Rg7
22. Rhe1 Qb4 23. a3 Qb7 24. Qd6 Nf8 25. b3 a5 26. Nc5 Qa7 27. Re2 Rf7 28. Rde1
Ng8 29. Re8 1-0

[Event "Minsk Open 2014"]
[Site "Minsk BLR"]
[Date "2014.07.16"]
[Round "1.11"]
[White "Khrapko, Marharyta"]
[Black "Grib, Roman"]
[Result "0-1"]
[BlackTitle "FM"]
[WhiteElo "1818"]
[BlackElo "2409"]
[WhiteFideId "13510657"]
[BlackFideId "13506706"]
[EventDate "2014.07.16"]

1. e4 c5 2. Nf3 e6 3. d4 cxd4 4. Nxd4 Nf6 5. Nc3 Nc6 6. Ndb5 d6 7. Bf4 e5 8. Bg5
a6 9. Na3 b5 10. Bxf6 gxf6 11. Nd5 f5 12. Bd3 Be6 13. O-O Bg7 14. Qh5 h6 15. c4
bxc4 16. Nxc4 Nd4 17. Ncb6 fxe4 18. Bxe4 Rb8 19. Nc4 O-O 20. g3 f5 21. Bg2 Rb5
22. Nce3 f4 23. a4 Rxb2 24. gxf4 exf4 25. Nd1 Rf5 26. Qxf5 Bxf5 27. Nxb2 f3 28.
Ne3 Ne2+ 29. Kh1 fxg2+ 30. Nxg2 Bxb2 31. Ra2 Qf6 0-1

[Event "Minsk Open 2014"]
[Site "Minsk BLR"]
[Date "2014.07.17"]
[Round "2.1"]
[White "Aleksandrov, Aleksej"]
[Black "Yezhel, Valiantsin"]
[Result "1-0"]
[WhiteTitle "GM"]
[WhiteElo "2569"]
[BlackElo "2128"]
[WhiteFideId "13500139"]
[BlackFideId "13504983"]
[EventDate "2014.07.16"]

1. d4 Nf6 2. c4 g6 3. Nc3 Bg7 4. e4 d6 5. Bg5 O-O 6. Qd2 c5 7. d5 Na6 8. Nf3 Nc7
9. Be2 a6 10. a4 b6 11. O-O Rb8 12. e5 Nfe8 13. exd6 Nxd6 14. Rfe1 Bg4 15. b3
Bxc3 16. Qxc3 Ne4 17. Qe3 Bxf3 18. Bh6 Bxe2 19. Qxe4 Re8 20. Qxe2 e5 21. dxe6
Nxe6 22. Rad1 Qh4 23. Bc1 Red8 24. Rd5 Qf6 25. Re5 Rd6 26. Bb2 Nd4 27. Qe3 a5
28. Qh6 Re6 29. Rxe6 fxe6 30. Qe3 Re8 31. f4 Kf7 32. h3 Re7 33. Kh1 Rd7 34. Rd1
Qf5 35. Kh2 Qc2 36. Rxd4 cxd4 37. Bxd4 Rxd4 38. Qxd4 Qxb3 39. Qd7+ Kf6 40. Qd6
Kf7 41. Qc7+ Kg8 42. c5 bxc5 43. Qxa5 Qb4 44. Qd8+ Kf7 45. Qc7+ Ke8 46. a5 Qc4
47. Qd6 Qa4 48. Qxe6+ Kd8 49. Qd6+ Ke8 50. a6 1-0

[Event "Minsk Open 2014"]
[Site "Minsk BLR"]
[Date "2014.07.17"]
[Round "2.2"]
[White "Oblamski, Vladimir"]
[Black "Fedorov, Alexei"]
[Result "0-1"]
[BlackTitle "GM"]
[WhiteElo "2142"]
[BlackElo "2569"]
[WhiteFideId "13503979"]
[BlackFideId "13500465"]
[EventDate "2014.07.16"]

1. e4 c5 2. c3 d6 3. d4 Nf6 4. Bd3 g6 5. dxc5 dxc5 6. e5 Nh5 7. Nf3 Nc6 8. O-O
Bg7 9. Bb5 Qxd1 10. Rxd1 Bg4 11. Re1 Bxf3 12. gxf3 Rc8 13. f4 Bh6 14. Re4 f5 15.
Ra4 a6 16. Be2 Nxe5 17. Bxh5 gxh5 18. fxe5 Bxc1 19. Na3 Bxb2 20. Rb1 Bxc3 21.
Rxb7 Bxe5 22. h3 Rg8+ 23. Kf1 Rg6 24. Nc4 Bd4 25. Ra3 Kf7 26. Ke2 Rcc6 27. Kf3
Rge6 28. Ra7 Kf6 29. Ra8 Kg5 30. Rb3 Re4 0-1

[Event "Minsk Open 2014"]
[Site "Minsk BLR"]
[Date "2014.07.17"]
[Round "2.3"]
[White "Kovalev, Vladislav"]
[Black "Lagashin, Pavel"]
[Result "1-0"]
[WhiteTitle "GM"]
[WhiteElo "2554"]
[BlackElo "2125"]
[WhiteFideId "13504398"]
[BlackFideId "24132144"]
[EventDate "2014.07.16"]

1. e4 c5 2. Nf3 e6 3. d4 cxd4 4. Nxd4 Nc6 5. Nc3 Qc7 6. Be2 a6 7. O-O Nf6 8. Kh1
Bb4 9. Qd3 h6 10. f4 Bxc3 11. bxc3 d5 12. e5 Ne4 13. c4 O-O 14. Ba3 Rd8 15. Rad1
Na5 16. cxd5 exd5 17. Qe3 b5 18. f5 Qxe5 19. Bb4 Nc4 20. Bxc4 dxc4 21. Nc6 Rxd1
22. Rxd1 1-0

[Event "Minsk Open 2014"]
[Site "Minsk BLR"]
[Date "2014.07.17"]
[Round "2.4"]
[White "Elkin, Leonid"]
[Black "Lintchevski, Daniil"]
[Result "0-1"]
[BlackTitle "GM"]
[WhiteElo "2127"]
[BlackElo "2553"]
[WhiteFideId "13501240"]
[BlackFideId "4171055"]
[EventDate "2014.07.16"]

1. d4 Nf6 2. c4 e6 3. Nf3 c5 4. e3 cxd4 5. exd4 b6 6. Bd3 Bb7 7. O-O Be7 8. Nc3
d5 9. cxd5 Nxd5 10. Re1 O-O 11. a3 Nxc3 12. bxc3 Nd7 13. Bb2 Re8 14. Rc1 Qc7 15.
Qe2 Qf4 16. Be4 Bxe4 17. Qxe4 Qxe4 18. Rxe4 b5 19. c4 bxc4 20. Rxc4 Nb6 21. Rc2
Rec8 22. Ree2 Na4 23. Bc1 Nc3 24. Re3 Nd5 25. Ree2 f6 26. g3 Kf7 27. Ne1 Nc3 28.
Re3 Nb5 29. Bb2 Rxc2 30. Nxc2 Rc8 31. Rb3 Rxc2 32. Rxb5 Ke8 33. a4 a5 34. Rb8+
Kd7 35. Rb7+ Kd8 36. Rb8+ Kc7 37. Rb3 Bb4 38. Ba3 Bxa3 39. Rxa3 Rc4 40. Kf1 Rxd4
41. Ke2 g5 42. h3 h5 43. Ke3 Rb4 0-1

[Event "Minsk Open 2014"]
[Site "Minsk BLR"]
[Date "2014.07.17"]
[Round "2.5"]
[White "Nosenko, Alexander"]
[Black "Masjuk, Vladimir"]
[Result "1-0"]
[WhiteTitle "GM"]
[WhiteElo "2508"]
[BlackElo "2119"]
[WhiteFideId "14100690"]
[BlackFideId "13506722"]
[EventDate "2014.07.16"]

1. d4 Nf6 2. c4 c5 3. d5 e5 4. Nc3 d6 5. e4 Be7 6. Bd3 O-O 7. h3 Nbd7 8. Be3 b6
9. Nge2 Nh5 10. g4 Nf4 11. Nxf4 exf4 12. Bxf4 a6 13. Bh2 Bh4 14. O-O Ne5 15. Be2
h5 16. f4 hxg4 17. hxg4 Ng6 18. g5 Bh3 19. Rf3 Bg4 20. Rd3 Bxe2 21. Qxe2 b5 22.
Qh5 b4 23. Nb1 Qe7 24. Nd2 f6 25. Qxg6 fxg5 26. Qe6+ Qf7 27. f5 Rad8 28. Nf3
Rfe8 29. Qxf7+ Kxf7 30. Re3 1-0

[Event "Minsk Open 2014"]
[Site "Minsk BLR"]
[Date "2014.07.17"]
[Round "2.6"]
[White "Terzi, Alexei"]
[Black "Stupak, Kirill"]
[Result "1/2-1/2"]
[BlackTitle "GM"]
[WhiteElo "2120"]
[BlackElo "2499"]
[WhiteFideId "13505076"]
[BlackFideId "13503758"]
[EventDate "2014.07.16"]

1. e4 c6 2. d4 d5 3. Nc3 a6 4. a4 e6 5. Nf3 Nf6 6. Bd3 Bb4 7. e5 Nfd7 8. O-O c5
9. Na2 Ba5 10. c3 Nc6 11. Be3 h6 12. h4 c4 13. Bb1 b5 14. axb5 axb5 15. Nb4 Bb7
16. Nxc6 Bxc6 17. Bd2 Nb6 18. h5 Qe7 19. g3 b4 20. Nh4 Kd7 21. f4 Kc7 22. f5 b3
23. fxe6 Qxe6 24. Bf5 Qe7 25. e6 Rhd8 26. Bg6 Qxe6 27. Re1 Qf6 28. Rf1 Qe6 29.
Re1 Qf6 30. Bf4+ Kb7 31. Be5 Qg5 32. Bf4 Qf6 33. Be5 Qg5 34. Bf4 Qf6 1/2-1/2

[Event "Minsk Open 2014"]
[Site "Minsk BLR"]
[Date "2014.07.17"]
[Round "2.7"]
[White "Podolchenko, Evgeniy"]
[Black "Zubchenok, Alexander"]
[Result "1-0"]
[WhiteTitle "GM"]
[WhiteElo "2426"]
[BlackElo "2065"]
[WhiteFideId "13504134"]
[BlackFideId "13502794"]
[EventDate "2014.07.16"]

1. d4 d5 2. c4 dxc4 3. Nf3 Nf6 4. e3 Nc6 5. Bxc4 e5 6. Qb3 Bb4+ 7. Nc3 Bxc3+ 8.
bxc3 O-O 9. Nxe5 Nxe5 10. dxe5 Ne4 11. O-O Nc5 12. Qc2 Be6 13. Bxe6 Nxe6 14. e4
Qh4 15. f4 Rfd8 16. Be3 b6 17. g3 Qe7 18. Rad1 Rxd1 19. Rxd1 Rd8 20. Rd5 c6 21.
Rxd8+ Qxd8 22. Kf2 g6 23. Ke2 Kf8 24. Qd3 Qxd3+ 25. Kxd3 Ke7 26. a4 Kd7 27. f5
Ng7 28. e6+ Ke7 29. f6+ Kxf6 30. Bd4+ Kxe6 31. Bxg7 f6 32. Kd4 1-0

[Event "Minsk Open 2014"]
[Site "Minsk BLR"]
[Date "2014.07.17"]
[Round "2.8"]
[White "Maksimov, Dmitri"]
[Black "Mochalov, Evgeny V"]
[Result "1-0"]
[BlackTitle "IM"]
[WhiteElo "2116"]
[BlackElo "2423"]
[WhiteFideId "24162477"]
[BlackFideId "13500074"]
[EventDate "2014.07.16"]

1. e4 c5 2. c3 d5 3. exd5 Qxd5 4. d4 e6 5. Nf3 Nf6 6. Be2 Nc6 7. O-O cxd4 8.
cxd4 Be7 9. Nc3 Qd8 10. a3 O-O 11. Be3 Bd6 12. Bg5 b6 13. d5 exd5 14. Nxd5 Bxh2+
15. Nxh2 Qxd5 16. Qxd5 Nxd5 17. Bf3 Be6 18. Rfd1 h6 19. Bh4 g5 20. Rxd5 Bxd5 21.
Bxd5 Rac8 22. Bg3 Rfd8 23. Ng4 Kg7 24. Ne3 Ne7 25. Bb7 Rc5 26. b4 Rf5 27. Nxf5+
Nxf5 28. Be5+ f6 29. Bc3 Nd6 30. Bc6 Rc8 31. b5 Nxb5 32. Bxf6+ Kxf6 33. Bxb5 Ke5
34. Re1+ Kd4 35. Rd1+ Ke5 36. Rd7 a6 37. Bxa6 Ra8 38. Rd5+ Kf4 39. g3+ Ke4 40.
Bb7 Ra7 41. Bc6 Rc7 42. Ba8 1-0

[Event "Minsk Open 2014"]
[Site "Minsk BLR"]
[Date "2014.07.17"]
[Round "2.9"]
[White "Ponomarev, Dmitry"]
[Black "Khramov, Andrey"]
[Result "1-0"]
[WhiteTitle "IM"]
[WhiteElo "2416"]
[BlackElo "2051"]
[WhiteFideId "24112046"]
[BlackFideId "24199257"]
[EventDate "2014.07.16"]

1. d4 d5 2. c4 c6 3. Nf3 Nf6 4. Nbd2 e6 5. g3 Nbd7 6. Bg2 Bd6 7. O-O O-O 8. Qc2
Qc7 9. e4 dxe4 10. Nxe4 Nxe4 11. Qxe4 c5 12. b3 Nf6 13. Qh4 Bd7 14. dxc5 Qxc5
15. Be3 Qc7 16. Bd4 e5 17. Bb2 Rad8 18. b4 b6 19. Rac1 Qb8 20. Qg5 Rfe8 21. a3
Bc6 22. Nh4 h6 23. Qe3 Bxg2 24. Kxg2 Bf8 25. Rfe1 Nd7 26. Nf5 Kh7 27. Qf3 Nf6
28. Ne3 Kg8 29. Rcd1 Bd6 30. Nf5 e4 31. Nxh6+ Kf8 32. Qf5 Re6 33. Ng4 Be7 34.
Nxf6 Bxf6 35. Bxf6 Rxf6 36. Qxe4 Re6 37. Qf3 Rxe1 38. Rxe1 Rd4 39. Re4 Rxe4 40.
Qxe4 Qc7 41. Qd5 Ke7 42. h4 f6 43. h5 Qc8 44. c5 Qc7 45. c6 Qc8 46. b5 Qc7 47.
a4 Qc8 48. f3 Qc7 49. Qe4+ Kf8 50. Qe6 Qb8 51. h6 1-0

[Event "Minsk Open 2014"]
[Site "Minsk BLR"]
[Date "2014.07.17"]
[Round "2.10"]
[White "Lopatik, Nikita"]
[Black "Tihonov, Jurij"]
[Result "1/2-1/2"]
[BlackTitle "GM"]
[WhiteElo "2048"]
[BlackElo "2413"]
[WhiteFideId "13504150"]
[BlackFideId "13500325"]
[EventDate "2014.07.16"]

1. e4 c5 2. Nf3 d6 3. d4 Nf6 4. Bb5+ Nbd7 5. Nc3 a6 6. Bxd7+ Nxd7 7. O-O e6 8.
a4 Be7 9. dxc5 Nxc5 10. Bf4 b6 11. e5 dxe5 12. Nxe5 Bb7 13. Qe2 Qd4 14. Qc4 Qxc4
15. Nxc4 Nd7 16. Be3 O-O-O 17. Nxb6+ Nxb6 18. Bxb6 Rd2 19. Rac1 Bf6 20. Ba5 h5
21. Rfd1 Rxd1+ 22. Rxd1 h4 23. Rd3 Rh5 24. Bb6 Rg5 25. f3 Bc6 26. b3 Rf5 27. Ne4
Bxe4 28. fxe4 Rf4 29. Re3 Kb7 30. a5 Kc6 31. e5 Be7 32. g3 Rf5 33. Kg2 hxg3 34.
hxg3 g5 35. Re4 Kd5 36. Re3 Bb4 37. c4+ Kc6 38. g4 Rf4 39. Kg3 Bc5 40. Bxc5 1/2-1/2

[Event "Minsk Open 2014"]
[Site "Minsk BLR"]
[Date "2014.07.17"]
[Round "2.11"]
[White "Grib, Roman"]
[Black "Kiseleva, Arina"]
[Result "1-0"]
[WhiteTitle "FM"]
[BlackTitle "WCM"]
[WhiteElo "2409"]
[BlackElo "2008"]
[WhiteFideId "13506706"]
[BlackFideId "4164989"]
[EventDate "2014.07.16"]

1. e4 c5 2. Nf3 d6 3. d4 cxd4 4. Nxd4 Nf6 5. Nc3 Nc6 6. Be2 e5 7. Nb3 Be7 8. O-O
O-O 9. Bf3 a5 10. a4 Nb4 11. Re1 Be6 12. Nd5 Nfxd5 13. exd5 Bf5 14. Be4 Bxe4 15.
Rxe4 Rc8 16. Re2 f5 17. c3 Na6 18. f3 f4 19. Ra3 g5 20. Bd2 Kh8 21. Be1 Rg8 22.
Kh1 Qc7 23. Bf2 g4 24. fxg4 Rxg4 25. Nd2 Rcg8 26. Bg1 Bd8 27. c4 Nc5 28. Qf1 Nd7
29. Rc3 b6 30. Qf3 Nf6 31. Rb3 Qd7 32. Bxb6 Bxb6 33. Rxb6 Qxa4 34. Qf1 Qd7 35.
c5 Ne8 36. c6 Qa7 37. Rb7 Qc5 38. Qb1 R4g7 39. Rxg7 Rxg7 40. h4 Qxd5 41. Qe4 Qc5
42. Qc4 Qb6 43. Nf3 Nf6 44. Rc2 Qc7 45. Ng5 Nh5 46. Qe6 Ng3+ 47. Kh2 Nf1+ 48.
Kh3 Ne3 49. Rc3 Nd1 1-0

[Event "Minsk Open 2014"]
[Site "Minsk BLR"]
[Date "2014.07.17"]
[Round "2.12"]
[White "Korolev, Alexandr"]
[Black "Kupreichik, Viktor D"]
[Result "0-1"]
[BlackTitle "GM"]
[WhiteElo "2022"]
[BlackElo "2405"]
[WhiteFideId "13505386"]
[BlackFideId "13500066"]
[EventDate "2014.07.16"]

1. Nf3 d5 2. g3 g6 3. Bg2 Bg7 4. O-O e5 5. d3 Nc6 6. Nbd2 Nge7 7. c4 O-O 8. Rb1
a5 9. b3 b6 10. a3 Bb7 11. Bb2 Re8 12. Qc2 Nd4 13. Nxd4 exd4 14. c5 b5 15. Nf3
Nc6 16. Rfe1 Bc8 17. Qd2 Bg4 18. Qf4 Qd7 19. Rbd1 Re7 20. Qd2 Rae8 21. Ba1 Qf5
22. Rb1 Bf6 23. Bb2 h5 24. h4 Bxf3 25. Bxf3 g5 26. hxg5 Bxg5 27. Qd1 Ne5 28. Rf1
Nxf3+ 29. exf3 Re2 30. Bxd4 Rd2 31. Qc1 h4 32. f4 Rxd3 33. fxg5 hxg3 34. Qc2
gxf2+ 35. Rxf2 Qg4+ 36. Kf1 Rh3 37. Rh2 Rxh2 38. Qxh2 Qxd4 39. Rb2 Qd1+ 40. Kf2
Qe1+ 41. Kf3 Qc3+ 42. Kg4 Re4+ 43. Kf5 Qf3+ 0-1

[Event "Minsk Open 2014"]
[Site "Minsk BLR"]
[Date "2014.07.18"]
[Round "3.1"]
[White "Burdalev, Kirill"]
[Black "Aleksandrov, Aleksej"]
[Result "0-1"]
[WhiteTitle "FM"]
[BlackTitle "GM"]
[WhiteElo "2296"]
[BlackElo "2569"]
[WhiteFideId "14121913"]
[BlackFideId "13500139"]
[EventDate "2014.07.16"]

1. d4 d5 2. Nf3 Nf6 3. c4 e6 4. g3 dxc4 5. Bg2 Nc6 6. Qa4 Bb4+ 7. Bd2 Bd6 8.
Qxc4 O-O 9. Nc3 e5 10. d5 Ne7 11. O-O h6 12. Rac1 a6 13. a4 c6 14. dxc6 Be6 15.
Qd3 Nxc6 16. Nh4 Rc8 17. Ne4 Be7 18. Nxf6+ Bxf6 19. Qxd8 Rfxd8 20. Bc3 b5 21.
axb5 axb5 22. e3 g5 23. Bxc6 Rxc6 24. Nf3 Rd5 25. e4 Rdc5 26. Ra1 g4 27. Nd2 Bg5
28. f4 gxf3 29. Nxf3 Bf6 30. Nd2 Kg7 31. Kg2 Rd6 32. Rf2 Rd3 33. Raf1 Bd8 34.
Nf3 Bc7 35. Ne1 Re3 36. Bd2 Rxe4 37. Rf6 Re2+ 38. R6f2 Bd5+ 39. Kg1 Rxf2 40.
Rxf2 Rc4 41. Be3 Rb4 42. Rd2 Be4 43. Kf2 Rb3 44. Re2 f5 45. Bc1 Bb6+ 46. Kf1 h5
47. Rd2 Bd4 48. Ke2 Kf7 49. Kd1 Ke7 50. Ng2 Rf3 51. Ne1 Rf1 52. Ke2 Rh1 0-1

[Event "Minsk Open 2014"]
[Site "Minsk BLR"]
[Date "2014.07.18"]
[Round "3.2"]
[White "Fedorov, Alexei"]
[Black "Kolesnik, Eduard"]
[Result "1-0"]
[WhiteTitle "GM"]
[BlackTitle "IM"]
[WhiteElo "2569"]
[BlackElo "2292"]
[WhiteFideId "13500465"]
[BlackFideId "13501062"]
[EventDate "2014.07.16"]

1. e4 e5 2. Nf3 Nc6 3. Bc4 Bc5 4. O-O Nf6 5. d3 d6 6. c3 O-O 7. Re1 Bb6 8. h3
Ne7 9. Bb3 Ng6 10. d4 h6 11. Nbd2 Re8 12. Bc2 c6 13. Nf1 Nh5 14. Be3 Nhf4 15.
Ng3 Qf6 16. Nf5 Bc7 17. c4 exd4 18. N3xd4 d5 19. exd5 Bxf5 20. Nxf5 cxd5 21.
cxd5 Rad8 22. Bd4 Rxe1+ 23. Qxe1 Qg5 24. Qe4 Nxh3+ 25. Kf1 Nhf4 26. Bxg7 Qh5 27.
g3 Qh3+ 28. Kg1 Nxd5 29. Rd1 Ngf4 1-0